000 01217pam a2200373 a 4500
001 13858678
003 OSt
005 20140310181948.0
008 050202r20041996nyu c 000 1 eng
010 _a 2005270069
020 _a0440413729
040 _aDLC
_cDLC
_dDLC
042 _alcac
050 0 0 _aPZ 7
_b.W582 1996
082 0 0 _aKF
_bW58b 1996
100 1 _aWhite, Ruth
_d1942-
_94097
245 1 0 _aBelle Prater's boy /
_cRuth White.
260 _aNew York :
_bDell Yearling Book,
_cc1996.
300 _a110 p. :
_c19 cm.
_bill. ;
521 1 _a.
541 _j1
541 _j2
562 _e2
586 _aNewbery Honor book, 1997.
650 1 _aCousins
_vFiction.
_94098
650 1 _aMother and child
_vFiction.
_94099
650 1 _aLoss (Psychology)
_vFiction.
_94100
650 1 _aIdentity
_vFiction.
_94101
856 4 2 _3Contributor biographical information
_uhttp://www.loc.gov/catdir/enhancements/fy0626/2005270069-b.html
856 4 2 _3Publisher description
_uhttp://www.loc.gov/catdir/enhancements/fy0626/2005270069-d.html
906 _a7
_bcbc
_corigcop
_d2
_encip
_f20
_gy-gencatlg
942 _2lcc
_cBK-KF
_kKF
999 _c7805
_d7805